| 000 | 00493cam a22001812 4500 | ||
|---|---|---|---|
| 001 | 0000025195 | ||
| 005 | 20151217160134.0 | ||
| 008 | 150224s xx 000 0 eng d | ||
| 020 | _a0078205417 | ||
| 040 |
_aKABU _cKABU |
||
| 245 | 1 | 0 |
_aGrammar and language workbook : _bGrade 8. |
| 260 |
_aNew York : _bMcGraw-Hill. |
||
| 300 | _aiv, 348 p. | ||
| 650 | 0 |
_aEnglish language _xGrammar. _@0000151342 |
|
| 908 | _a150224 | ||
| 950 | _@1 | ||
| 999 |
_c14755 _d14755 |
||